00309nam a2200109Ia 4500008004100000245006500041260004900106260000900155300001000164500000900174650001600183170224s9999 xx 000 0 und d aPerceived perspective taking: When others walk in our shoes. bJournal of Personality and Social Psychology c2014 a106:6 aJune xPsychology.